The contest problem book III : annual high school contests 1966-1972
Saved in:
| Main Author: | |
|---|---|
| Other Authors: | |
| Format: | Book |
| Language: | English |
| Published: |
[Washington] :
Mathematical association of America,
c1973
|
| Series: | New mathematical library ;
; 25 |
| Subjects: | |
| Tags: |
Add Tag
No Tags, Be the first to tag this record!
|
MARC
| LEADER | 00000cam a2200000 i 4500 | ||
|---|---|---|---|
| 001 | 1/12195 | ||
| 008 | 110302s1973 eng d | ||
| 035 | |l 10109694 | ||
| 040 | |a GR-MY-UA |b gre |e aacr | ||
| 041 | 0 | |a eng | |
| 082 | 0 | |a 510.76 |2 (22) | |
| 100 | 1 | |a Salkind, Charles T., |d 1898-1968. | |
| 245 | 1 | 4 | |a The contest problem book III : |b annual high school contests 1966-1972 / |c compiled and with solutions by Charles T. Salkind and James M. Earl |
| 260 | |a [Washington] : |b Mathematical association of America, |c c1973 | ||
| 300 | |a 186 σ.; |c 23 εκ. | ||
| 490 | 1 | |a New mathematical library |v ; 25 | |
| 650 | 0 | 0 | |a Mathematics |x Problems, exercises, etc. |
| 650 | 0 | 0 | |a Mathematics |x Competitions |z United States. |
| 700 | 1 | |a Earl, James M. |q (James Mayberry), |d 1896- | |
| 830 | 0 | |a New mathematical library ; |v ; 25 | |
| 852 | |a INST |b SAMOS |c MAG |e 20110302 |h 510.76 SAL |p 005300032970 |q 005300032970 |t BK |y 0 | ||
| 901 | |a BIBL3-2011-1 | ||
| 909 | |a Σ |b 166288 | ||
| 970 | |a ΓΟΥΒΑΛΑ |b ΒΑΣΩ |z 2011/03/02 | ||